000 00638cas a2200205 4500
001 85704
003 BD-RjUL
005 20250914131346.0
008 250914d1975 pk ar 0 a0urd c
035 _a(BD-RjUL)85704
040 _aLCI
_beng
_cLCI
_dOCLCL
041 0 _aurd
082 _a297.1225
_223
_bQUR 1975
245 0 0 _aمکمل بیىان القرآن ;; Mukammal biyan al Quran /
_cمحمد اشرف علی التھانوی ;; Muhammad Ashraf Ali Al Thani
260 _aKarachi :
_bSaikh Gulam ali ,
_c1975
300 _av,;
_c32 cm
650 _aAl Quran
_vTafsir
_916879
942 _2ddc
_cBK
999 _c85704
_d85704